000 00314nam a2200133 i 4500
001 bg
100 1 _aMILBURN, G. H. W.
245 0 _aRentgenovskaja kristallografija /
_cG.H.W. Milburn.
260 _aMoskva,
_c1975.
040 _cBPK
041 _apol
942 _cKS
008 s pl f |000 0 pol
999 _c16081
_d16081
856 _uhttp://koha.tu.koszalin.pl/cgi-bin/koha/opac-detail.pl?biblionumber=16081
_yKatalog online BPK